[Event "Mondiale Lampo FIDE 2019"]
[Site "Mosca"]
[Date "30.12.2019"]
[Round "21.25"]
[White "Indjic, Aleksandar"]
[Black "Amin, Bassem"]
[Result "1-0"]
[WhiteTitle "GM"]
[BlackTitle "GM"]
[WhiteElo "2619"]
[BlackElo "2683"]
[WhiteFideId "911925"]
[BlackFideId "10601457"]
[EventDate "2019.12.29"]

1. d4 f5 2. Nf3 Nf6 3. h3 d5 4. Bf4 c5 5. e3 Nc6 6. c4 cxd4 7. exd4 e6 8. Nc3
Bb4 9. Be2 Ne4 10. Rc1 Qa5 11. Qb3 g5 12. Be5 O-O 13. a3 Bxc3+ 14. bxc3 g4 15.
hxg4 fxg4 16. Rh4 gxf3 17. Rg4+ Kf7 18. gxf3 Nxe5 19. dxe5 Nc5 20. Qc2 Rh8 21.
Qd2 Qd8 22. Qh6 Ke8 23. Rg7 dxc4 24. Qh5+ 1-0

[Event "Mondiale Lampo FIDE 2019"]
[Site "Mosca"]
[Date "30.12.2019"]
[Round "21.26"]
[White "Nozdrachev, Vladislav"]
[Black "Postny, Evgeny"]
[Result "1/2-1/2"]
[WhiteTitle "IM"]
[BlackTitle "GM"]
[WhiteElo "2494"]
[BlackElo "2605"]
[WhiteFideId "24113441"]
[BlackFideId "2804344"]
[EventDate "2019.12.29"]

1. e4 e5 2. Nf3 Nc6 3. Bc4 Nf6 4. d3 Bc5 5. O-O d6 6. c3 a5 7. a4 h6 8. Nbd2 O-O
9. Re1 Ba7 10. Nf1 Ne7 11. Ng3 Ng6 12. Bb3 Re8 13. d4 Bg4 14. Be3 Nh4 15. dxe5
Bxf3 16. gxf3 dxe5 17. Qe2 Qd7 18. Kh1 Qh3 19. Rg1 Bxe3 20. fxe3 Rad8 21. Rad1
Nh7 22. Nh5 Ng5 23. Rg3 Qc8 24. Rdg1 Kh8 25. Nxg7 Kxg7 26. f4 exf4 27. exf4 f6
28. fxg5 hxg5 29. Qh5 Ng6 30. Qf3 Rh8 31. e5 Rdf8 32. exf6+ Rxf6 33. Qe3 Qe8 34.
Qxe8 Rxe8 35. Rxg5 Kh6 36. Bf7 Rxf7 37. Rxg6+ Kh7 38. R6g3 Re6 39. Rh3+ Rh6 40.
Rxh6+ Kxh6 41. Kg2 Rf6 42. Rf1 Rg6+ 43. Kf3 Rf6+ 44. Ke2 Rb6 45. Rb1 Kg5 46. Kd3
Rh6 47. Rh1 Kf4 48. Rf1+ Ke5 49. Rf2 c6 50. Kc4 b6 51. Re2+ Kd6 52. Kd3 Rh3+ 53.
Ke4 Rh4+ 54. Kf5 Rxa4 55. Kg5 Ra2 56. h4 a4 57. Re4 b5 58. Rb4 a3 59. bxa3 Rxa3
60. h5 Rxc3 61. h6 Re3 62. h7 Re8 63. Kf6 Kc5 64. Rg4 Rh8 65. Kg7 Rd8 66. Rf4 b4
67. Rf8 Rd7+ 68. Kg6 Rxh7 69. Kxh7 Kd4 70. Rb8 c5 71. Kg6 Kc3 72. Kf5 c4 73. Ke4
b3 74. Kd5 b2 75. Rxb2 Kxb2 76. Kxc4 1/2-1/2

[Event "Mondiale Lampo FIDE 2019"]
[Site "Mosca"]
[Date "30.12.2019"]
[Round "21.27"]
[White "Castellanos Rodriguez, Renier"]
[Black "Vallejo Pons, Francisco"]
[Result "0-1"]
[WhiteTitle "IM"]
[BlackTitle "GM"]
[WhiteElo "2474"]
[BlackElo "2704"]
[WhiteFideId "3404650"]
[BlackFideId "2205530"]
[EventDate "2019.12.29"]

1. e4 e6 2. d4 d5 3. Nd2 c5 4. exd5 Qxd5 5. dxc5 Nf6 6. Ngf3 Qxc5 7. Bd3 Nbd7 8.
O-O Qc7 9. Nb3 Be7 10. a4 O-O 11. a5 Rd8 12. Qe2 Nd5 13. Ra4 N7f6 14. Rc4 Qd6
15. Ne5 Bd7 16. Nxd7 Rxd7 17. Bd2 Rad8 18. g3 g6 19. Re1 h5 20. h4 Bf8 21. Bg5
Be7 22. Bd2 Ng4 23. Nc5 Rc7 24. Ne4 Qd7 25. Rd4 Qe8 26. c4 Ndf6 27. Rxd8 Qxd8
28. Ng5 Bc5 29. Nh3 Rd7 30. Bg5 Rxd3 0-1

[Event "Mondiale Lampo FIDE 2019"]
[Site "Mosca"]
[Date "30.12.2019"]
[Round "21.28"]
[White "Vitiugov, Nikita"]
[Black "Zvjaginsev, Vadim"]
[Result "1-0"]
[WhiteTitle "GM"]
[BlackTitle "GM"]
[WhiteElo "2747"]
[BlackElo "2627"]
[WhiteFideId "4152956"]
[BlackFideId "4113403"]
[EventDate "2019.12.29"]

1. e4 e5 2. Nf3 Nc6 3. Bb5 Nf6 4. d3 d6 5. O-O g6 6. d4 exd4 7. Nxd4 Bd7 8. Bxc6
Bxc6 9. Re1 Bg7 10. Nxc6 bxc6 11. e5 dxe5 12. Rxe5+ Kf8 13. Qxd8+ Rxd8 14. Re1
Ne4 15. Na3 f5 16. Nc4 Bd4 17. Be3 Kg7 18. f3 Nd2 19. Bxd4+ Rxd4 20. Ne5 Rd6 21.
b3 Rhd8 22. Nd3 c5 23. Nxc5 Kf6 24. Nb7 1-0

[Event "Mondiale Lampo FIDE 2019"]
[Site "Mosca"]
[Date "30.12.2019"]
[Round "21.29"]
[White "Safarli, Eltaj"]
[Black "Dominguez Perez, Leinier"]
[Result "0-1"]
[WhiteTitle "GM"]
[BlackTitle "GM"]
[WhiteElo "2601"]
[BlackElo "2758"]
[WhiteFideId "13402129"]
[BlackFideId "3503240"]
[EventDate "2019.12.29"]

1. e4 c5 2. Nc3 d6 3. Bb5+ Nd7 4. d4 cxd4 5. Qxd4 a6 6. Bxd7+ Bxd7 7. Nge2 Nf6
8. Bg5 e6 9. O-O-O h6 10. Bh4 Be7 11. Bxf6 gxf6 12. f4 Qa5 13. Kb1 Rc8 14. f5
Qe5 15. Qd3 b5 16. Nd4 b4 17. Nce2 a5 18. Rhf1 a4 19. Nf4 Rg8 20. Qh3 Rc4 21.
fxe6 fxe6 22. Qd3 Rxd4 23. Qxd4 Qxd4 24. Rxd4 e5 25. Rxb4 exf4 26. Rb8+ Bd8 27.
Rf2 Bc6 28. b4 Bxe4 29. Rxf4 f5 30. g3 Kd7 31. Rf2 h5 32. a3 h4 33. Rb5 hxg3 34.
hxg3 Rxg3 35. Ka2 Bf6 36. Ra5 Rg1 37. Ra7+ Ke6 0-1

[Event "Mondiale Lampo FIDE 2019"]
[Site "Mosca"]
[Date "30.12.2019"]
[Round "21.30"]
[White "Kamsky, Gata"]
[Black "Sychev, Klementy"]
[Result "1/2-1/2"]
[WhiteTitle "GM"]
[BlackTitle "GM"]
[WhiteElo "2677"]
[BlackElo "2563"]
[WhiteFideId "2000024"]
[BlackFideId "4114060"]
[EventDate "2019.12.29"]

1. d4 Nf6 2. Nf3 d5 3. Bf4 e6 4. e3 Bd6 5. Bg3 O-O 6. c4 c5 7. Nc3 cxd4 8. Nxd4
Bb4 9. Qb3 Ba5 10. Be2 Ne4 11. O-O Nd2 12. Qa3 Nxf1 13. Rxf1 Nc6 14. Rd1 Bxc3
15. Qxc3 Qf6 16. Nb5 Qxc3 17. bxc3 dxc4 18. Nc7 Rb8 19. Nb5 Ra8 20. Nc7 Rb8 21.
Nb5 a6 22. Bxb8 Nxb8 23. Nd6 b5 24. a4 bxa4 25. Nxc4 Bd7 26. Nb6 Bc6 27. c4 Re8
28. Ra1 Rd8 29. Nxa4 Nd7 30. Nc3 Ra8 31. Ra5 Kf8 32. c5 Ke7 33. Rxa6 Rxa6 1/2-1/2

[Event "Mondiale Lampo FIDE 2019"]
[Site "Mosca"]
[Date "30.12.2019"]
[Round "21.31"]
[White "Golubov, Saveliy"]
[Black "Sargissian, Gabriel"]
[Result "1-0"]
[WhiteTitle "IM"]
[BlackTitle "GM"]
[WhiteElo "2469"]
[BlackElo "2689"]
[WhiteFideId "24176729"]
[BlackFideId "13300881"]
[EventDate "2019.12.29"]

1. d4 Nf6 2. Nf3 e6 3. Bf4 d5 4. e3 Bd6 5. Bg3 O-O 6. Nbd2 b6 7. c3 c5 8. Bd3
Ba6 9. Bxa6 Nxa6 10. Qe2 Nb8 11. Bh4 Nbd7 12. e4 dxe4 13. Nxe4 Be7 14. Nxf6+
Nxf6 15. dxc5 bxc5 16. Rd1 Qc7 17. O-O Rfd8 18. Bg3 Qb7 19. Ne5 h6 20. h3 Rac8
21. Bh4 Rd5 22. c4 Rdd8 23. b3 g5 24. Bg3 Qe4 25. Qb2 Nh5 26. f3 Qh7 27. Bh2 Bf6
28. Qf2 Nf4 29. Bxf4 gxf4 30. Nd7 Qg7 31. Nxf6+ Qxf6 32. Rxd8+ Qxd8 33. Re1 Qd3
34. Re4 Qc3 35. Qh4 Qd2 36. Rxf4 Rd8 37. Qxh6 Qe1+ 38. Kh2 Qe5 39. Qh4 Rd4 40.
Qg3+ Qg7 41. Qxg7+ Kxg7 42. Rxd4 cxd4 43. Kg1 1-0

[Event "Mondiale Lampo FIDE 2019"]
[Site "Mosca"]
[Date "30.12.2019"]
[Round "21.32"]
[White "Melkumyan, Hrant"]
[Black "Petrov, Nikita"]
[Result "1-0"]
[WhiteTitle "GM"]
[BlackTitle "GM"]
[WhiteElo "2668"]
[BlackElo "2585"]
[WhiteFideId "13302485"]
[BlackFideId "4101286"]
[EventDate "2019.12.29"]

1. e4 e5 2. Nf3 Nc6 3. Bc4 Bc5 4. c3 Nf6 5. d4 exd4 6. e5 d5 7. Bb5 Ne4 8. cxd4
Bb6 9. Nc3 O-O 10. Be3 Bg4 11. h3 Bh5 12. Qc2 Bg6 13. Qb3 Ne7 14. O-O c6 15. Be2
Nf5 16. Rad1 Bh5 17. Rfe1 Kh8 18. Nxe4 dxe4 19. Ng5 Bxe2 20. Rxe2 Nxd4 21. Bxd4
Qxg5 22. Bxb6 axb6 23. Rxe4 b5 24. Rd7 Qf5 25. Qd3 Rxa2 26. g4 Qe6 27. Qd6 Kg8
28. b4 Qb3 29. Rd8 Qb1+ 30. Kh2 Rxf2+ 31. Kg3 Qg1+ 32. Kh4 g5+ 33. Kh5 Rxd8 34.
Qxd8+ Kg7 35. Qxg5+ Kh8 36. Rd4 Rd2 37. Qxd2 1-0

[Event "Mondiale Lampo FIDE 2019"]
[Site "Mosca"]
[Date "30.12.2019"]
[Round "21.33"]
[White "Gareyev, Timur"]
[Black "Quparadze, Giga"]
[Result "1/2-1/2"]
[WhiteTitle "GM"]
[BlackTitle "GM"]
[WhiteElo "2598"]
[BlackElo "2462"]
[WhiteFideId "14200937"]
[BlackFideId "13602250"]
[EventDate "2019.12.29"]

1. e4 c5 2. b4 cxb4 3. Nf3 e6 4. a3 d5 5. e5 Nc6 6. d4 Bd7 7. Bd3 Nge7 8. O-O
Nf5 9. axb4 Nxb4 10. Bxf5 exf5 11. Ba3 a5 12. c3 Na6 13. Bxf8 Kxf8 14. Re1 g6
15. c4 Nb4 16. Nc3 Be6 17. c5 Kg7 18. h4 b6 19. Qd2 bxc5 20. dxc5 Nc6 21. h5 h6
22. hxg6 Kxg6 23. Ra4 Rb8 24. Ne2 Rb4 25. Rxb4 axb4 26. Nfd4 Qd7 27. Nf4+ Kh7
28. Nh5 Qc7 29. Nxc6 Qxc6 30. Qxb4 Rc8 31. Rc1 Qc7 32. Qd4 Qc6 33. Rc3 Qb5 34.
Kh2 Qe2 35. Qh4 Qxe5+ 36. Rg3 f4 37. Rg7+ Kh8 38. f3 d4 39. c6 d3 40. c7 Re8 41.
Nf6 Kxg7 42. Nxe8+ Kg6 43. Qd8 Qh5+ 44. Kg1 Qc5+ 45. Kh2 Qh5+ 46. Kg1 Qc5+ 47.
Kf1 Qc1+ 48. Kf2 Qe3+ 49. Kf1 Qc1+ 50. Kf2 Qe3+ 51. Kf1 Qc1+ 52. Kf2 Qc5+ 53.
Kf1 Qc1+ 54. Kf2 Qe3+ 55. Kf1 Qe2+ 56. Kg1 Qe1+ 57. Kh2 Qg3+ 58. Kh1 Qe1+ 59.
Kh2 Qg3+ 60. Kh1 Qe1+ 61. Kh2 Qg3+ 62. Kh1 1/2-1/2

[Event "Mondiale Lampo FIDE 2019"]
[Site "Mosca"]
[Date "30.12.2019"]
[Round "21.34"]
[White "Shimanov, Aleksandr"]
[Black "Popov, Ivan RUS"]
[Result "0-1"]
[WhiteTitle "GM"]
[BlackTitle "GM"]
[WhiteElo "2587"]
[BlackElo "2636"]
[WhiteFideId "4198603"]
[BlackFideId "4170350"]
[EventDate "2019.12.29"]

1. d4 d5 2. Bg5 f6 3. Bf4 c5 4. Bxb8 Rxb8 5. e3 Qb6 6. dxc5 Qxb2 7. Nd2 e6 8.
Rb1 Qc3 9. Bb5+ Kf7 10. Ne2 Qxc5 11. O-O Bd6 12. c4 a6 13. Ba4 b5 14. cxd5 bxa4
15. Ne4 Rxb1 16. Qxb1 Qb4 17. Qd3 e5 18. Rb1 Qa3 19. Qc4 Bf5 20. N2g3 Bxe4 21.
Nxe4 Ne7 22. Qxa6 Rd8 23. Qb6 Rd7 24. h3 h6 25. g4 Qd3 26. Ng3 Nxd5 27. Qb2 a3
28. Qa1 Nc3 29. Rc1 Rc7 30. Re1 Qd2 31. Kg2 Qxa2 32. Qc1 Qb2 33. Nf5 Bf8 34. e4
Qxc1 35. Rxc1 a2 36. Ne3 Ra7 37. Nc2 Ne2 38. Ra1 Nd4 0-1

[Event "Mondiale Lampo FIDE 2019"]
[Site "Mosca"]
[Date "30.12.2019"]
[Round "21.35"]
[White "Motylev, Alexander"]
[Black "Bluebaum, Matthias"]
[Result "1-0"]
[WhiteTitle "GM"]
[BlackTitle "GM"]
[WhiteElo "2640"]
[BlackElo "2644"]
[WhiteFideId "4121830"]
[BlackFideId "24651516"]
[EventDate "2019.12.29"]

1. e4 e6 2. d4 d5 3. Nc3 Nf6 4. e5 Nfd7 5. f4 c5 6. Nf3 Nc6 7. Be3 a6 8. Ne2 Qb6
9. Qc1 Be7 10. c3 O-O 11. g3 cxd4 12. cxd4 f6 13. Bh3 fxe5 14. Bxe6+ Kh8 15.
Bxd7 Bxd7 16. dxe5 d4 17. Nexd4 Nxd4 18. Bxd4 Qg6 19. O-O Bb5 20. Rf2 Rac8 21.
Qe3 Bc6 22. e6 Rce8 23. Re1 Bb4 24. Bc3 Bd6 25. Nd4 Bd5 26. f5 Qg4 27. Qe2 Qh3
28. Qf1 Qh5 29. Re3 Kg8 30. Qe2 Qg5 31. Qd2 Bc5 32. Re5 Qd8 33. b4 Ba7 34. Rfe2
Re7 35. Qe3 Bb8 36. h4 Bc4 37. Re1 Bxa2 38. Kh2 Bxe5 39. Qxe5 Qc8 40. Re3 Qc4
41. Qd6 Rfe8 42. f6 Rxe6 43. Nxe6 Rxe6 44. Qd8+ Kf7 45. Qd7+ 1-0

[Event "Mondiale Lampo FIDE 2019"]
[Site "Mosca"]
[Date "30.12.2019"]
[Round "21.36"]
[White "Smirin, Ilia"]
[Black "Yuffa, Daniil"]
[Result "0-1"]
[WhiteTitle "GM"]
[BlackTitle "GM"]
[WhiteElo "2607"]
[BlackElo "2566"]
[WhiteFideId "2801990"]
[BlackFideId "24131423"]
[EventDate "2019.12.29"]

1. e4 c6 2. d4 d5 3. e5 Bf5 4. Nf3 e6 5. Be2 Ne7 6. Nbd2 h6 7. O-O Nd7 8. a4 g5
9. a5 Qc7 10. a6 b6 11. c4 Bg7 12. cxd5 Nxd5 13. Nc4 O-O 14. h4 g4 15. Ne1 h5
16. f3 g3 17. Nd3 c5 18. Nf4 Nxf4 19. Bxf4 cxd4 20. Qxd4 Rfd8 21. Bxg3 b5 22.
Nd6 Nxe5 23. Bxe5 Bxe5 24. Qxe5 Qxd6 25. Qxd6 Rxd6 26. Rfd1 Rad8 27. Rxd6 Rxd6
28. Bxb5 Rb6 29. Ra5 Kf8 30. b3 Bc2 31. b4 Bg6 32. Kf2 Ke7 33. Ke3 Kd6 34. Kd4
e5+ 35. Kc3 f5 36. Bc4 e4 37. fxe4 fxe4 38. Rd5+ Kc7 39. Re5 Rc6 40. b5 Rd6 41.
Re7+ Kb6 42. Rb7+ Ka5 43. Rxa7 e3 44. Re7 Kb6 45. Rxe3 Bf5 46. Kb4 Bg4 47. Re7
Bc8 48. Rh7 Rd4 49. Rh6+ Ka7 50. b6+ Kb8 51. a7+ Ka8 52. Kc5 Rd8 53. Bd5+ Bb7
54. Bxb7+ Kxb7 55. Rh7+ Ka8 56. Rxh5 Rc8+ 57. Kb4 Rg8 58. Rg5 Rf8 59. h5 Kb7 60.
h6 Kxb6 61. h7 Rh8 62. Rg8 Rxh7 63. a8=Q Rh4+ 64. g4 Rxg4+ 65. Rxg4 0-1

[Event "Mondiale Lampo FIDE 2019"]
[Site "Mosca"]
[Date "30.12.2019"]
[Round "21.37"]
[White "Paravyan, David"]
[Black "Aravindh, Chithambaram VR."]
[Result "1-0"]
[WhiteTitle "GM"]
[BlackTitle "GM"]
[WhiteElo "2629"]
[BlackElo "2605"]
[WhiteFideId "4194985"]
[BlackFideId "5072786"]
[EventDate "2019.12.29"]

1. e4 c6 2. d4 d5 3. f3 e6 4. Nc3 Bb4 5. Bd2 Ne7 6. Qe2 b6 7. O-O-O Ba6 8. Qf2
Bxf1 9. Rxf1 Qc7 10. Kb1 a5 11. h4 Nd7 12. h5 O-O-O 13. Nge2 h6 14. a3 Bxc3 15.
Nxc3 Kb7 16. g4 b5 17. Na2 Ra8 18. Nc1 c5 19. dxc5 Nxc5 20. Nd3 Rhc8 21. Nxc5+
Qxc5 22. Qxc5 Rxc5 23. Bc3 f6 24. e5 f5 25. Rfg1 Rc7 26. g5 Nc6 27. gxh6 gxh6
28. Rg6 d4 29. Bd2 Nxe5 30. Rxe6 Nxf3 31. Bxh6 Rac8 32. Rf1 Nh2 33. Rxf5 Rxc2
34. Rxb5+ Ka7 35. Rxa5+ Kb7 36. Rb5+ Ka7 37. Bg7 Nf3 38. h6 d3 39. Rd6 d2 40.
Ka2 Rc1 41. h7 d1=Q 42. Rxd1 Rxd1 43. h8=Q Rxh8 44. Bxh8 Ka6 45. Rf5 Rd3 46. Bc3
Nh4 47. Ra5+ Kb6 48. Rh5 Ng2 49. Kb3 Nf4 50. Rh6+ Kc5 51. Kc2 Rg3 52. Rh8 Nd5
53. Rc8+ Kb5 54. Bd4 Rg2+ 55. Kb3 Rg3+ 56. Ka2 Ka6 57. Rc6+ Kb7 58. Rc5 Nf4 59.
Be5 Rf3 60. Rc7+ Kb6 61. Rf7 1-0

[Event "Mondiale Lampo FIDE 2019"]
[Site "Mosca"]
[Date "30.12.2019"]
[Round "21.38"]
[White "Christiansen, Johan-Sebastian"]
[Black "Vastrukhin, Oleg"]
[Result "0-1"]
[WhiteTitle "GM"]
[BlackTitle "IM"]
[WhiteElo "2597"]
[BlackElo "2428"]
[WhiteFideId "1512668"]
[BlackFideId "4192770"]
[EventDate "2019.12.29"]

1. Nf3 g6 2. c4 Bg7 3. Nc3 c5 4. g3 Nc6 5. Bg2 e6 6. h4 h6 7. d4 cxd4 8. Nb5
Nge7 9. Nd6+ Kf8 10. O-O Nf5 11. Nxf5 gxf5 12. Rb1 a5 13. b3 d6 14. a3 e5 15. b4
axb4 16. axb4 e4 17. Ne1 Be6 18. c5 Kg8 19. Bf4 Be5 20. Qc1 Kg7 21. Nc2 Ra2 22.
b5 Ne7 23. Rd1 Bxf4 24. gxf4 dxc5 25. b6 Kh7 26. Rb5 Qd6 27. Na3 Rg8 28. Kf1 Ng6
29. Rxc5 Qxf4 30. Nb5 Qxh4 31. Nxd4 Nf4 32. Nxe6 Nxe6 33. Rxf5 Rxg2 34. Rxf7+
Rg7 35. Rxg7+ Nxg7 36. Kg1 Qg4+ 37. Kh1 Ra5 0-1

[Event "Mondiale Lampo FIDE 2019"]
[Site "Mosca"]
[Date "30.12.2019"]
[Round "21.39"]
[White "Salgado Lopez, Ivan"]
[Black "Kazakouski, Valery"]
[Result "1/2-1/2"]
[WhiteTitle "GM"]
[BlackTitle "IM"]
[WhiteElo "2605"]
[BlackElo "2485"]
[WhiteFideId "2257327"]
[BlackFideId "13507443"]
[EventDate "2019.12.29"]

1. e4 e5 2. Nf3 Nc6 3. Bc4 Nf6 4. d3 Be7 5. a4 d6 6. Nc3 Na5 7. Ba2 c5 8. Bg5
Nc6 9. Bxf6 Bxf6 10. Nd5 g6 11. c3 Bg7 12. h3 Bh6 13. b4 cxb4 14. cxb4 O-O 15.
O-O Ne7 16. Bc4 Kg7 17. d4 Nxd5 18. Bxd5 Qe7 19. Re1 Rb8 20. Qb3 Bd7 21. b5 Rfc8
22. Rad1 Be8 23. Qb2 f6 24. Qb3 Rc7 25. Be6 Bf7 26. Bxf7 Qxf7 27. Qb4 Qe7 28.
Nh2 Rbc8 29. dxe5 dxe5 30. Qb1 Bg5 31. Nf3 Bh6 32. Nh2 Bg5 33. Nf3 Bh6 34. Nh2 1/2-1/2

[Event "Mondiale Lampo FIDE 2019"]
[Site "Mosca"]
[Date "30.12.2019"]
[Round "21.40"]
[White "Andriasian, Zaven"]
[Black "Alekseenko, Kirill"]
[Result "0-1"]
[WhiteTitle "GM"]
[BlackTitle "GM"]
[WhiteElo "2611"]
[BlackElo "2704"]
[WhiteFideId "13302000"]
[BlackFideId "4135539"]
[EventDate "2019.12.29"]

1. e4 e5 2. Nf3 Nc6 3. Bc4 Bc5 4. d3 Nf6 5. O-O d6 6. c3 a6 7. Bb3 Ba7 8. Nbd2
h6 9. Re1 g5 10. Nf1 g4 11. N3d2 Nh5 12. Nc4 Rg8 13. Be3 Bxe3 14. Ncxe3 Nf4 15.
Ng3 h5 16. Ngf5 Bxf5 17. Nxf5 Qf6 18. Ba4 b5 19. Bb3 Ne7 20. d4 Rd8 21. a4 h4
22. Re3 Nxf5 23. exf5 Qxf5 24. axb5 axb5 25. Bc2 Qf6 26. Ra6 Ne6 27. dxe5 dxe5
28. Qe1 Rg5 29. Bb3 Rd6 30. Ra8+ Ke7 31. g3 hxg3 32. hxg3 Rh5 33. Bxe6 Qxe6 34.
Ra7 Qd5 35. Re4 Rdh6 36. f4 Rh1+ 37. Kf2 R6h2+ 0-1

[Event "Mondiale Lampo FIDE 2019"]
[Site "Mosca"]
[Date "30.12.2019"]
[Round "21.41"]
[White "Hansen, Eric"]
[Black "Meier, Georg"]
[Result "1/2-1/2"]
[WhiteTitle "GM"]
[BlackTitle "GM"]
[WhiteElo "2606"]
[BlackElo "2626"]
[WhiteFideId "2606771"]
[BlackFideId "4675789"]
[EventDate "2019.12.29"]

1. d4 e6 2. c4 b6 3. Nf3 Bb7 4. Nc3 Bb4 5. Bd2 Nf6 6. e3 O-O 7. Bd3 d5 8. cxd5
exd5 9. O-O Re8 10. Rc1 c5 11. a3 Bxc3 12. Bxc3 c4 13. Bb1 Ne4 14. Bxe4 dxe4 15.
Nd2 Bd5 16. f3 exf3 17. e4 fxg2 18. Rf4 Bb7 19. Qh5 Qe7 20. d5 Nd7 21. Nxc4 f6
22. Ne3 Qc5 23. Qh3 Ne5 24. Rd1 Bc8 25. Qg3 Bd7 26. Bd4 Qb5 1/2-1/2

[Event "Mondiale Lampo FIDE 2019"]
[Site "Mosca"]
[Date "30.12.2019"]
[Round "21.43"]
[White "Socko, Bartosz"]
[Black "Grachev, Boris"]
[Result "1-0"]
[WhiteTitle "GM"]
[BlackTitle "GM"]
[WhiteElo "2618"]
[BlackElo "2614"]
[WhiteFideId "1107038"]
[BlackFideId "4129199"]
[EventDate "2019.12.29"]

1. d4 d5 2. c4 e6 3. Nf3 Nf6 4. g3 Be7 5. Bg2 O-O 6. O-O Nbd7 7. Nbd2 c6 8. Qc2
b6 9. e4 dxc4 10. Nxc4 Bb7 11. Rd1 c5 12. e5 Nd5 13. a3 Rc8 14. Qb3 cxd4 15.
Nxd4 Nc5 16. Qa2 a6 17. Bd2 b5 18. Ba5 Qd7 19. Nd6 Bxd6 20. exd6 Qxd6 21. Rac1
Qe7 22. Nf5 exf5 23. Bxd5 Bxd5 24. Qxd5 Ne4 25. Bb4 Qa7 26. Qxf5 Rxc1 27. Rxc1
Qd4 1-0

[Event "Mondiale Lampo FIDE 2019"]
[Site "Mosca"]
[Date "30.12.2019"]
[Round "21.44"]
[White "Alekseev, Evgeny"]
[Black "Kobalia, Mikhail"]
[Result "1/2-1/2"]
[WhiteTitle "GM"]
[BlackTitle "GM"]
[WhiteElo "2620"]
[BlackElo "2609"]
[WhiteFideId "4138147"]
[BlackFideId "4119150"]
[EventDate "2019.12.29"]

1. Nf3 d5 2. e3 Nf6 3. c4 c6 4. Nc3 a6 5. d4 e6 6. b3 Bb4 7. Bd2 Nbd7 8. Bd3 O-O
9. O-O Bd6 10. Qc2 b6 11. e4 dxc4 12. Bxc4 e5 13. Rad1 b5 14. Be2 Qe7 15. Bg5
Re8 16. Bh4 Bb4 17. Bd3 exd4 18. Nxd4 Qc5 19. Nce2 Bb7 20. f3 Ne5 21. Bf2 Nxd3
22. Qxd3 Rad8 23. Qb1 Qf8 24. Nf5 Bc8 25. Nfd4 Bd7 26. Ng3 g6 27. Nc2 Bc5 28.
Ne3 Be6 29. Qc1 Nd7 30. Ne2 Ne5 31. Nf4 Bc8 32. Qc3 f6 33. Qc2 Bb6 34. Nd3 Nxd3
35. Rxd3 Rxd3 36. Qxd3 Rd8 37. Qe2 Be6 38. Rc1 Qd6 39. Rd1 Qe7 40. Rc1 Qd6 41.
Rd1 Qe7 42. Rc1 Qd6 43. Rd1 Qe7 44. Rc1 Qd6 45. Rd1 Qe7 46. Rc1 1/2-1/2

[Event "Mondiale Lampo FIDE 2019"]
[Site "Mosca"]
[Date "30.12.2019"]
[Round "21.45"]
[White "Xu, Yinglun"]
[Black "Abdusattorov, Nodirbek"]
[Result "1-0"]
[WhiteTitle "GM"]
[BlackTitle "GM"]
[WhiteElo "2555"]
[BlackElo "2635"]
[WhiteFideId "8604940"]
[BlackFideId "14204118"]
[EventDate "2019.12.29"]

1. d4 Nf6 2. c4 e6 3. Nf3 b6 4. g3 Bb7 5. Bg2 Be7 6. O-O O-O 7. Re1 Na6 8. Nc3
d5 9. cxd5 exd5 10. Bf4 c6 11. Rc1 Nc7 12. Bh3 Ne6 13. Be5 c5 14. b3 Nd7 15.
dxc5 Nxe5 16. Nxe5 bxc5 17. Bg2 Nc7 18. Na4 Ne6 19. Nc3 Bf6 20. Ng4 Bxc3 21.
Rxc3 Rb8 22. Rd3 d4 23. Bxb7 Rxb7 24. Ne5 Qd5 25. Nf3 Rd7 26. e3 Rfd8 27. exd4
cxd4 28. Re2 h6 29. h4 Qb7 30. Rc2 Qe4 31. Re2 Qf5 32. Re5 Qg4 33. Qd2 Rc7 34.
Re1 Rc5 35. Ne5 Qf5 36. Nf3 Rcd5 37. Rc1 Qg6 38. Rc4 Qe4 39. Kh2 a5 40. a3 g5
41. b4 axb4 42. Rxb4 gxh4 43. Nxh4 Ng5 44. Rdb3 Qxh4+ 45. gxh4 Nf3+ 46. Rxf3 1-0

[Event "Mondiale Lampo FIDE 2019"]
[Site "Mosca"]
[Date "30.12.2019"]
[Round "21.46"]
[White "Santos Ruiz, Miguel"]
[Black "Perunovic, Milos"]
[Result "1-0"]
[WhiteTitle "GM"]
[BlackTitle "GM"]
[WhiteElo "2585"]
[BlackElo "2589"]
[WhiteFideId "22291482"]
[BlackFideId "921629"]
[EventDate "2019.12.29"]

1. d4 Nf6 2. Nf3 e6 3. c4 c5 4. g3 cxd4 5. Nxd4 d5 6. Bg2 e5 7. Nf3 d4 8. O-O
Nc6 9. e3 Be7 10. exd4 exd4 11. Re1 Be6 12. b3 O-O 13. Bb2 Bc5 14. a3 a5 15.
Nbd2 Qb6 16. Ng5 Bg4 17. Qb1 h6 18. Nge4 Be7 19. Nxf6+ Bxf6 20. Ne4 Be7 21. Qd3
Rad8 22. f4 Rfe8 23. h3 Be6 24. Nd2 Bf8 25. Kh1 Ne7 26. g4 Nc6 27. Re2 Qc7 28.
f5 Bc8 29. Bd5 Rxe2 30. Qxe2 b5 31. Re1 Bb7 32. Nf3 bxc4 33. bxc4 d3 34. Qh2 Bd6
35. Qg2 Bf4 36. g5 hxg5 37. Nxg5 d2 38. Rd1 Rxd5 39. cxd5 Ne7 40. Ne6 Bxd5 41.
Nxc7 Bxg2+ 42. Kxg2 Bxc7 43. f6 gxf6 44. Rxd2 Nf5 45. Bxf6 Bd6 46. a4 Kh7 47.
Bc3 Bc7 48. Rd7 Bb6 49. Rxf7+ Kg6 50. Rf6+ Kg5 51. Rxb6 1-0

[Event "Mondiale Lampo FIDE 2019"]
[Site "Mosca"]
[Date "30.12.2019"]
[Round "21.48"]
[White "Petrosian, Tigran L."]
[Black "Kim, Alexey"]
[Result "1-0"]
[WhiteTitle "GM"]
[BlackTitle "GM"]
[WhiteElo "2601"]
[BlackElo "2464"]
[WhiteFideId "13301616"]
[BlackFideId "4129776"]
[EventDate "2019.12.29"]

1. Nf3 d5 2. g3 e6 3. Bg2 Nf6 4. d3 Be7 5. Nbd2 O-O 6. O-O c5 7. e4 b5 8. e5
Nfd7 9. Re1 Nc6 10. Nf1 Qc7 11. Bf4 Bb7 12. h4 Rfc8 13. N1h2 Qd8 14. Qd2 a5 15.
h5 a4 16. h6 g6 17. Ng4 b4 18. Bg5 Bxg5 19. Nxg5 a3 20. Qf4 Qe7 21. b3 Nd4 22.
Rac1 Rab8 23. c3 bxc3 24. Rxc3 Ba6 25. Kh1 Rb4 26. Nf6+ Nxf6 27. Qxf6 Qxf6 28.
exf6 Nf5 29. Rec1 c4 30. bxc4 dxc4 31. Rxa3 cxd3 32. Rxc8+ Bxc8 33. Rxd3 Rd4 34.
Rxd4 Nxd4 35. Be4 Nb5 36. a4 Nd6 37. Bc6 Nf5 38. g4 Nxh6 39. f3 e5 40. a5 Ba6
41. Kg2 e4 42. Bxe4 Kf8 43. Bc6 Kg8 44. Kf2 Bc4 45. Ke3 Kh8 46. Ke4 1-0